Doprastav - sľubný začiatok, smutný pád

História vzniku a expanzia podniku Doprastav na Slovensku. Roky vybudovaného úspechu a postupné zmeny až po reštrukturalizačné konanie spoločnosti. Záväzky a finančné problémy spoločnosti Doprastav.

Salvato in:
Dettagli Bibliografici
Autore principale: Brixová, Bea
Natura: Capitolo di libro
Lingua:slovacco
Soggetti:
Tags: Aggiungi Tag
Nessun Tag, puoi essere il primo ad aggiungerne!!

MARC

LEADER 00000naa a2200000 4500
001 0189012
005 20231011123550.9
041 0 |a slo 
044 |a SK 
245 1 0 |a Doprastav - sľubný začiatok, smutný pád  |c Bea Brixová 
520 |a História vzniku a expanzia podniku Doprastav na Slovensku. Roky vybudovaného úspechu a postupné zmeny až po reštrukturalizačné konanie spoločnosti. Záväzky a finančné problémy spoločnosti Doprastav. 
610 2 0 |a Slovensko 
610 2 0 |a história 
610 2 0 |a stavby inžinierske 
610 2 0 |a doprava 
610 2 0 |a podnik priemyselný 
610 2 0 |a reštrukturalizácia 
610 2 0 |a zmeny štruktúrne 
100 1 |a Brixová, Bea